000 00485nam a22001932 4500
001 0000003406
005 20170406115008.0
008 140612s xx 000 0 eng d
020 _c$
040 _aYour Holding Symbol
_cYour Holding Symbol
100 1 _aEripides.
245 1 0 _aEuripides :
_bhelen.
250 _a ed.
260 _aNew york :
_bOxford,
_c1981.
300 _a107 p. ;
_c cm.
504 _aglossary.
650 0 _aliterature.
908 _a140612
999 _c3283
_d3283